• 首页
  • 本馆介绍
  • 公告通知
  • 最新文献
  • 馆藏检索
  • 电子资源
  • 读者导购
  • 参考咨询
  • 我的图书馆
  • 登录
  • 详细信息显示
  • 放入我的书架
  • 预约/预借图书
  • 作者相关作品
  • 分类相关作品
  • 丛书相关作品
  • 出版社相关作品

书目信息

  • 表格格式
  • 工作单格式
  • 卡片格式
题名:
九年义务教育三、四年制初级中学英语
    
 
作者: ;人民教育出版社(英国)朗文出版集团有限公司合 编
分册: 第一册  
出版信息: 北京   人民教育出版社  1992
页数: 61页
开本: 19cm
丛书名:
单 册:
中图分类: G633.41
科图分类: 38.6341
主题词: 语文--小学--教学参考资料
电子资源:
ISBN: 7-107-01666-0
000 01014nam0 2200253 45
001 0191018021
005 20070616110222.67
010    @a7-107-01666-0@dCNY1.70
100    @a19910729d1992 cemy0chiy0121 ea
101 0  @achi
102    @aCN@b110000
105    @ay z 000yy
200 10 @a九年义务教育三、四年制初级中学英语@Ajiu nian yi wu jiao yu san、si nian zhi chu ji zhong xue ying yu@e阅读训练@h第一册@f人民教育出版社(英国)朗文出版集团有限公司合编@Fren min jiao yu chu ban she(ying guo)lang wen chu ban ji tuan you xian gong si he bian
210    @a北京@c人民教育出版社@d1992@h1997
215    @a61页@d19cm
300    @a供初中一年级下学期使用
517 1  @a阅读训练@Ayue du xun lian
540 1  @a阅读@AYUE DU
606    @a语文@x小学@x教学参考资料
690    @aG633.41@v3
692    @a38.6341
711 02 @a人民教育出版社(英国)朗文出版集团有限公司合@Aren min jiao yu chu ban she(ying guo)lang wen chu ban ji tuan you xian gong si he@4编
801  0 @aCN@bTSSF@c20070616
905    @a10447@dG633.41@e185:1
    
    九年义务教育三、四年制初级中学英语:阅读训练.第一册/人民教育出版社(英国)朗文出版集团有限公司合编.-北京:人民教育出版社,1992(1997)
    61页;19cm
    供初中一年级下学期使用
    
    ISBN 7-107-01666-0:CNY1.70
    
●
相关链接 在E读中查询图书 在五车中查询图书 在当当中查询图书 在豆瓣中查询图书


正题名:九年义务教育三、四年制初级中学英语     索取号:G633.41/185:1         预约/预借

序号 登录号 条形码 馆藏地/架位号 状态 备注
1 0639113   206391135   第一样本阅览室/ [索取号:G633.41/185:1] 在馆    
2 0654506   206545069   库房3/ [索取号:G633.41/185:1] 在馆    
3 0654507   206545078   库房3/ [索取号:G633.41/185:1] 在馆    
4 0655434   206554343   库房3/ [索取号:G633.41/185:1] 在馆    
唐山师范学院图书馆 欢迎您!
大连网信软件有限公司© 版权所有